Human Resource Analytics: Strategic Decision Making/ (Record no. 175616)

MARC details
000 -LEADER
fixed length control field 00827nam a22002297a 4500
005 - DATE AND TIME OF LATEST TRANSACTION
control field 20200910163501.0
010 ## - LCCN (DPL NO)
LC control number ENG-128409
020 ## - INTERNATIONAL STANDARD BOOK NUMBER
Terms of availability 499.00
International Standard Book Number 9789390168408
035 ## - SYSTEM CONTROL NUMBER
System control number EN-111941
037 ## - SOURCE OF ACQUISITION
Source of stock number/acquisition DBAD/PUB
082 ## - DEWEY DECIMAL CLASSIFICATION NUMBER
Classification number 650
100 ## - MAIN ENTRY--PERSONAL NAME
Personal name Uppal, Nishant
245 ## - TITLE STATEMENT
Title Human Resource Analytics: Strategic Decision Making/
Statement of responsibility, etc by NIshant Uppal
260 ## - PUBLICATION, DISTRIBUTION, ETC. (IMPRINT)
Place of publication, distribution, etc Noida
Name of publisher, distributor, etc Pearson
Date of publication, distribution, etc 2021
270 ## - ADDRESS
Address 15th floor,Tower-B,Word Trade Tower,Plot no.1,Block-C sec 16,
City Noida
Postal code 201301
Telephone number 04466540100
Electronic mail address companysecretary.india@pearson.com
300 ## - PHYSICAL DESCRIPTION
Extent xv;348p.
Dimensions 23cm(pbk)
Other physical details Illustrations
500 ## - GENERAL NOTE
General note Includes References
700 ## - ADDED ENTRY--PERSONAL NAME
Personal name Senior Editor- Acquisitions- Varun Goenka
700 ## - ADDED ENTRY--PERSONAL NAME
Personal name Senior editor production- G. Sharmilee
700 ## - ADDED ENTRY--PERSONAL NAME
Personal name Editor Development- Pratha Bhagowati
942 ## - ADDED ENTRY ELEMENTS (KOHA)
Source of classification or shelving scheme Dewey Decimal Classification
Item type English Books
Classification part 650
Call number suffix UPP

No items available.


© Delhi Public Library
Hit Counter
free hit counter